[Event "Copenhagen BSF"]
[Site "Copenhagen"]
[Date "1995.??.??"]
[Round "2"]
[White "Hansen, Curt"]
[Black "Hoi, Carsten"]
[Result "1/2-1/2"]
[WhiteElo "2630"]
[BlackElo "2415"]

1.e4 g6 2.d4 Bg7 3.Nc3 d6 4.f4 c6 5.Be3 Nf6 6.Nf3 O-O 7.Bd3 Nbd7 8.h3 e5
9.dxe5 dxe5 10.fxe5 Ne8 11.e6 fxe6 12.O-O Nd6 13.Qe2 Nf7 14.Bc4 Qe7 15.a4 Nde5
16.Nxe5 Bxe5 17.a5 Bd7 18.Na4 Nd6 19.Bd3 Qh4 20.Qg4 Qxg4 21.hxg4 Rxf1+ 22.Rxf1 Be8
23.c3 Bf7 24.g5 Rd8 25.Kf2 Nc8 26.Ke2 Bc7 27.Nc5 b6 28.Na6 Bd6 29.Nb4 Ne7
30.axb6 axb6 31.Bxb6 Rb8 32.Be3  1/2-1/2

[Event "Copenhagen op17"]
[Site "Copenhagen"]
[Date "1995.??.??"]
[Round "3"]
[White "Nielsen, Soren Holst"]
[Black "Hoi, Carsten"]
[Result "1/2-1/2"]
[WhiteElo "2195"]
[BlackElo "2415"]

1.e4 g6 2.d4 Bg7 3.Nc3 d6 4.f4 Nf6 5.e5 dxe5 6.dxe5 Qxd1+ 7.Kxd1 Ng4 8.Ke1 c6
9.Nf3 O-O 10.h3 Nh6 11.g4 f6 12.Bc4+ Nf7 13.exf6 exf6 14.Kf2 Nd7 15.Be3 Re8
16.Rhe1 b5 17.Bb3 Nf8 18.Bc5 Bd7 19.Rad1 Rxe1 20.Rxe1 a5 21.Re7 Be8 22.a3 Rd8
23.Ne4 Nd7 24.Nd6 Nxc5 25.Rxe8+ Rxe8 26.Bxf7+ Kf8 27.Bxe8 Ke7 28.Bxc6 Kxd6
29.Bxb5 f5 30.gxf5 Bxb2 31.fxg6 hxg6 32.a4 Ke6 33.Ke3 Bc1+ 34.Kd4 Kd6 35.Ne5 Ne6+
36.Ke4 Nxf4 37.h4 Kc5 38.Nd3+ Nxd3 39.cxd3 Bb2 40.Kf4 Bf6 41.Kg4 Kb4 42.Be8 Kb3
43.Bxg6 Kxa4 44.h5 Kb4 45.Kf5 Bg7 46.Be8  1/2-1/2

[Event "Copenhagen BSF"]
[Site "Copenhagen"]
[Date "1995.??.??"]
[Round "3"]
[White "Hector, Jonny"]
[Black "Hansen, Curt"]
[Result "1/2-1/2"]
[WhiteElo "2540"]
[BlackElo "2630"]

1.e4 g6 2.d4 Bg7 3.Nc3 d6 4.f4 Nf6 5.Nf3 O-O 6.Bd3 Nc6 7.O-O e5 8.fxe5 dxe5
9.d5 Ne7 10.Nxe5 c6 11.Bg5 cxd5 12.Bxf6 Qb6+ 13.Kh1 Bxf6 14.Nxd5 Nxd5 15.Nc4 Qd8
16.exd5 b5 17.Na5 Bh4 18.Qd2 Qxd5 19.Qf4 Qg5 20.Qxg5 Bxg5 21.Bxb5 Rb8 22.a4 a6
23.Bc4 Rxb2 24.Bb3 Be6 25.Nc4 Bxc4 26.Bxc4 Rxc2 27.Bxa6 Ra8 28.Bd3 Rc5 29.Bb5 Kg7
30.Rad1 Ra7 31.Rf2  1/2-1/2

[Event "Copenhagen op17"]
[Site "Copenhagen"]
[Date "1995.??.??"]
[Round "4"]
[White "Fries Nielsen, Jens Ove"]
[Black "Aagaard, Jacob"]
[Result "1-0"]
[WhiteElo "2420"]
[BlackElo "2245"]

1.d4 g6 2.e4 Bg7 3.Nc3 d6 4.h3 Nd7 5.Nf3 c6 6.Bc4 b5 7.Bb3 Nb6 8.O-O b4 9.Ne2 Nf6
10.Ng3 O-O 11.a3 bxa3 12.Rxa3 d5 13.e5 Nfd7 14.Bf4 c5 15.c3 Re8 16.Qc1 cxd4
17.cxd4 Nf8 18.Bh6 Bb7 19.Bxg7 Kxg7 20.Ba2 Qd7 21.Bb1 Nc4 22.Rc3 Rac8 23.Nh4 Ne6
24.Nh5+ Kg8 25.Qh6 Rf8 26.Bf5 gxf5 27.Rg3+ Kh8 28.Rg8+ Rxg8  1-0

[Event "Copenhagen BSF-B"]
[Site "Copenhagen"]
[Date "1995.??.??"]
[Round "5"]
[White "Adamski, Andrzej"]
[Black "Andersen, Kaare Vissing"]
[Result "1-0"]
[WhiteElo "2315"]
[BlackElo "2295"]

1.e4 g6 2.d4 Bg7 3.Nc3 d6 4.f4 c6 5.h3 Nf6 6.Nf3 O-O 7.g4 c5 8.d5 a6 9.a4 Ne8
10.Bg2 e6 11.O-O Nc7 12.dxe6 fxe6 13.e5 d5 14.Ne2 Nc6 15.c3 Rb8 16.Be3 b6
17.Qe1 a5 18.Ng3 Ba6 19.Rf2 Qe7 20.Rd1 Qe8 21.h4 Bh6 22.Nh2 Ne7 23.h5 gxh5
24.Nxh5 Qxa4 25.Nf6+ Kh8 26.Ra1 Qc6 27.Rf3 Bg7 28.Qh4 Bxf6 29.exf6 Ng6 30.Qh6 Rf7
31.Rh3 Rg8 32.Nf3 Ne8 33.Ng5 Qd7 34.f5 exf5 35.Bxd5  1-0

[Event "Copenhagen op17"]
[Site "Copenhagen"]
[Date "1995.??.??"]
[Round "5"]
[White "Aagaard, Jacob"]
[Black "Hoi, Carsten"]
[Result "1/2-1/2"]
[WhiteElo "2245"]
[BlackElo "2415"]

1.e4 g6 2.d4 Bg7 3.Nc3 d6 4.Nf3 Nf6 5.Bf4 O-O 6.Qd2 Bg4 7.O-O-O Nc6 8.d5 Bxf3
9.gxf3 Ne5 10.Be2 c6 11.dxc6 bxc6 12.Bh6 Qb6 13.h4 Rab8 14.b3 Bxh6 15.Qxh6 Qxf2
16.h5 Kh8 17.f4 Neg4 18.Bxg4 Nxg4 19.Qg5 Ne3 20.Rd2 Qf3 21.Qh4 Ng2 22.Qh2 Qxc3
23.Rxg2  1/2-1/2

[Event "DEN-ch qual"]
[Site "Copenhagen"]
[Date "1995.??.??"]
[Round "6"]
[White "Nilsson, Nils Specht"]
[Black "Hutters, Tomas"]
[Result "1/2-1/2"]
[WhiteElo "2255"]
[BlackElo "2430"]

1.e4 g6 2.d4 Bg7 3.Nc3 d6 4.Nf3 Nf6 5.Be2 O-O 6.O-O Bg4 7.Be3 Nc6 8.Nd2 Bxe2
9.Nxe2 e5 10.d5 Ne7 11.f3 Nd7 12.g4 Kh8 13.Ng3 Ng8 14.Nc4 Bh6 15.Qd2 Nb6
16.Na5 Bxe3+ 17.Qxe3  1/2-1/2

[Event "Copenhagen op2"]
[Site "Copenhagen"]
[Date "1995.??.??"]
[Round "6"]
[White "Shaw, John"]
[Black "Hoi, Carsten"]
[Result "1/2-1/2"]
[WhiteElo "2280"]
[BlackElo "2440"]

1.e4 d6 2.Nc3 g6 3.d4 Bg7 4.g3 Nf6 5.Bg2 O-O 6.Nge2 e5 7.h3 Nc6 8.Be3 Bd7
9.O-O exd4 10.Nxd4 Nxd4 11.Bxd4 Re8 12.Re1 Bc6 13.b4 Nh5 14.a4 b6 15.a5 Rb8
16.Qd3 Bxd4 17.Qxd4 Re5 18.Qc4 Bd7 19.axb6 axb6 20.Ra7 Rc8 21.Nd5 b5 22.Qc3 c6
23.Rxd7 Qxd7 24.Nb6 Qd8 25.Nxc8 Qxc8 26.Rd1 Qc7 27.Qd4 Re6 28.h4 c5 29.bxc5 dxc5
30.Qd8+ Qxd8 31.Rxd8+ Kg7 32.Rb8 b4 33.Rc8 Nf6 34.Rxc5 Nxe4 35.Rc4 Nc3 36.Rxb4 Re2
37.Bf3 Rxc2 38.Rb7 Rd2 39.Rc7 Nb5 40.Rb7 Nd4 41.Kg2 Ne6 42.Rb1 Kf6 43.Rd1 Rb2  1/2-1/2

[Event "Copenhagen BSF-B"]
[Site "Copenhagen"]
[Date "1995.??.??"]
[Round "6"]
[White "Pedersen, H."]
[Black "Adamski, Andrzej"]
[Result "1-0"]
[WhiteElo "2225"]
[BlackElo "2315"]

1.e4 d6 2.d4 g6 3.Nc3 Bg7 4.Be3 c6 5.Qd2 Nd7 6.O-O-O b5 7.e5 Nb6 8.exd6 exd6
9.Bg5 Qxg5 10.Re1+ Kf8 11.Qxg5 Bh6 12.f4 Bxg5 13.fxg5 h6 14.Nf3 Bg4 15.Nd2 hxg5
16.Nce4 Re8 17.Bd3 d5 18.Nxg5 Rxe1+ 19.Rxe1 Rxh2 20.Rf1 f5 21.Rf2 Rh1+ 22.Nf1 Nf6
23.Kd2 Ke7 24.b3 Rh5 25.Nf3 Bxf3 26.gxf3 Kf7 27.Ne3 Nbd7 28.c4 bxc4 29.bxc4 Nf8
30.Kc3 Rh3 31.a4 Ne6 32.Rb2 Rxf3 33.Rb7+ Kf8 34.Kd2 Nxd4 35.Rxa7 Ne4+ 36.Bxe4 dxe4
37.a5 Nb3+ 38.Ke2  1-0

[Event "Copenhagen op2"]
[Site "Copenhagen"]
[Date "1995.??.??"]
[Round "9"]
[White "Rej, Dennis"]
[Black "Fries Nielsen, Jens Ove"]
[Result "0-1"]
[WhiteElo "2255"]
[BlackElo "2415"]

1.e4 g6 2.d4 Bg7 3.Nc3 d6 4.Be3 c6 5.Qd2 b5 6.O-O-O Nd7 7.g4 Nb6 8.g5 Nc4
9.Bxc4 bxc4 10.d5 c5 11.Nb1 h6 12.f3 hxg5 13.Bxg5 Nf6 14.Na3 Nh7 15.Bh6 c3
16.bxc3 Qa5 17.Nb1 Bf6 18.Qe3 Rb8 19.Ne2 Ba6 20.Kd2 Rb2 21.a3 Qb5 22.f4 Nf8
23.e5 Qb3 24.exf6 Qxc2+ 25.Ke1 Qxe2+ 26.Qxe2 Rxe2+ 27.Kf1 Rxh2+ 28.Kg1 Rxh1+  0-1

[Event "ESP-chT"]
[Site "Cordoba"]
[Date "1995.??.??"]
[Round "2"]
[White "Bernabe Duran, Francisco"]
[Black "Medina Garcia, Antonio Angel"]
[Result "1-0"]
[WhiteElo "2120"]
[BlackElo "2170"]

1.e4 g6 2.d4 Bg7 3.Nc3 d6 4.Nge2 Nf6 5.g3 O-O 6.Bg2 Na6 7.O-O c5 8.h3 Rb8
9.Be3 Nd7 10.dxc5 Ndxc5 11.Rb1 b6 12.Qd2 Re8 13.Nd5 Bd7 14.b4 Ne6 15.c4 Nac7
16.Rfc1 Rf8 17.Rb3 Ne8 18.a4 Nf6 19.a5 bxa5 20.Bxa7 Rb7 21.Be3 axb4 22.Nxf6+ exf6
23.e5 Rb8 24.exd6 Re8 25.Rxb4 Rxb4 26.Qxb4 Ng5 27.Nf4 Bf8 28.c5 Bc8 29.Rd1 Rxe3
30.fxe3 Qe8 31.Nd5 Qe5 32.Qd4 Nxh3+ 33.Bxh3 Qxg3+ 34.Bg2  1-0

[Event "ESP-chT"]
[Site "Cordoba"]
[Date "1995.??.??"]
[Round "3"]
[White "Ramos Suria, Felix"]
[Black "Brito, Alfredo"]
[Result "0-1"]
[WhiteElo "2195"]
[BlackElo "2360"]

1.e4 g6 2.d4 Bg7 3.Nc3 d6 4.Be2 c6 5.a4 Nf6 6.f4 O-O 7.Nf3 Na6 8.O-O c5 9.d5 Nb4
10.Bc4 e6 11.dxe6 Bxe6 12.Bxe6 fxe6 13.Qe2 Qe7 14.Ne1 Nc6 15.Nf3 a6 16.Bd2 d5
17.exd5 exd5 18.Qxe7 Nxe7 19.Ng5 d4 20.Nce4 Nxe4 21.Nxe4 Nd5 22.Rae1 c4 23.Ng5 b5
24.Ne6 Rfe8 25.Nxg7 Kxg7 26.Kf2 b4 27.Rxe8 Rxe8 28.Re1 Rxe1 29.Kxe1 c3 30.bxc3 dxc3
31.Bc1 a5 32.Ke2 Nb6 33.Kd3 Nxa4 34.Kc4 Kf6 35.Kb5 Nb2 36.Kxa5 Nd3 37.Be3 b3
38.cxb3 Kf5 39.Kb5 Ke4 40.Kc4 Kxe3 41.Kxc3 Nxf4 42.g3 Nd3 43.Kc4 Ke4 44.Kc3 Ne5
45.Kb4 Kd5 46.h4 Nc6+ 47.Kc3 Nd4 48.g4  0-1

[Event "ESP-chT"]
[Site "Cordoba"]
[Date "1995.??.??"]
[Round "5"]
[White "Ruiz, Jose Hervas"]
[Black "Roa Alonso, Santiago"]
[Result "0-1"]
[WhiteElo "2170"]
[BlackElo "2360"]

1.e4 g6 2.d4 Bg7 3.Nc3 d6 4.g3 Nf6 5.Bg2 O-O 6.Nge2 e5 7.dxe5 dxe5 8.Qxd8 Rxd8
9.Bg5 c6 10.O-O h6 11.Rad1 Re8 12.Bc1 Na6 13.b3 h5 14.a3 Bf8 15.Bb2 b5 16.a4 b4
17.Na2 Rb8 18.Nac1 Nc5 19.f3 Ba6 20.h4 Bh6 21.Kf2 Rbd8 22.Rxd8 Rxd8 23.Bxe5 Ncxe4+
24.Kg1 Be3+ 25.Kh1 Nf2+ 26.Rxf2 Bxf2 27.Bxf6 Rd1+ 28.Kh2 Re1 29.c4 bxc3 30.Bxc3 Rd1
31.Bf6 Be3 32.Bg5 Bxg5 33.hxg5 Re1 34.Nd4 Rxc1 35.f4 c5 36.Nb5 Rc2 37.Kg1 Bxb5
38.axb5 Rc3  0-1

[Event "ESP-chT"]
[Site "Cordoba"]
[Date "1995.??.??"]
[Round "7"]
[White "Suarez, Diego"]
[Black "Hernandez, Gilberto2"]
[Result "1-0"]
[WhiteElo "2265"]
[BlackElo "2095"]

1.e4 g6 2.d4 Bg7 3.Nc3 d6 4.f4 e6 5.Nf3 Ne7 6.Bd3 b6 7.O-O Bb7 8.Be3 Nd7
9.Qe1 Nf6 10.Qh4 d5 11.e5 Ne4 12.Bxe4 dxe4 13.Ng5 Nd5 14.Nxd5 Bxd5 15.Qg3 O-O
16.b3 b5 17.c3 a5 18.Rac1 h6 19.Nh3 a4 20.c4 Bc6 21.f5 exf5 22.Nf4 Be8 23.Nh5 Bd7
24.d5 Kh7 25.Nxg7 Kxg7 26.Bd4 Kh7 27.e6 fxe6 28.Qe5 Rf7 29.cxb5 Bxb5 30.dxe6 Re7
31.Bc5 c6 32.Rfd1 Bd3 33.Bxe7 Qxe7 34.Rxc6  1-0

[Event "CZE-chT 9495"]
[Site "?"]
[Date "1995.??.??"]
[Round "4"]
[White "Nedela, Vlastimil"]
[Black "Gola, Martin"]
[Result "0-1"]
[WhiteElo "2435"]
[BlackElo "2320"]

1.e4 g6 2.d4 Bg7 3.Nc3 d6 4.f4 c6 5.Nf3 Nd7 6.e5 Nh6 7.Be2 O-O 8.O-O c5 9.exd6 cxd4
10.dxe7 Qxe7 11.Nxd4 Qc5 12.Be3 Nb6 13.Bf2 Rd8 14.Nb3 Qf8 15.Bd3 Bg4 16.Qe1 Rac8
17.Rb1 Bf5 18.Rd1 Bg4 19.Rb1 Rc6 20.Nb5 Re6 21.Qa5 Rd5 22.Qxa7 Qd8 23.Nc3 Nc8
24.Qxb7 Rd7 25.Qa8 Red6 26.Ne4 Rd5 27.Ng3 Rc7 28.Rfe1 Be6 29.Qa4 Ng4 30.Be4 Rd6
31.c3 Qh4 32.h3 Nxf2 33.Kxf2 Qxf4+ 34.Kg1 Qxg3 35.Qe8+ Bf8 36.Nd4 Re7 37.Qa4 Nb6
38.Qb5 Bc4 39.Qc5 Rf6 40.Nc6 Rxe4 41.Qxb6 Rxe1+ 42.Rxe1 Qxe1+ 43.Kh2 Bd6+  0-1

[Event "CZE-chT 9495"]
[Site "?"]
[Date "1995.??.??"]
[Round "5"]
[White "Berezjuk, Sergej"]
[Black "Moravec, Michal"]
[Result "1/2-1/2"]
[WhiteElo "2395"]
[BlackElo "2300"]

1.e4 d6 2.d4 g6 3.Nc3 Bg7 4.Bg5 f6 5.Be3 Nh6 6.f3 O-O 7.Qd2 Nf7 8.h4 Nc6
9.h5 g5 10.g4 h6 11.a4 e6 12.O-O-O f5 13.gxf5 exf5 14.Bc4 a6 15.Nge2 f4 16.Bf2 Bd7
17.Kb1 Nb4 18.Nc1 Kh8 19.N3e2 a5 20.Nc3 Qe8 21.Bb3 c6 22.N1e2 b5 23.Rdg1 Be6
24.d5 cxd5 25.exd5 Bd7 26.axb5 a4 27.Nxa4 Bxb5 28.Qxb4 Qxe2 29.Bd4 Bxa4 30.Bxg7+ Kxg7
31.Bxa4 Rfb8 32.Qxf4 Qa6 33.Rg4 Qe2 34.Rhg1 Qe5 35.b3 Qxd5 36.Qd4+ Qe5 37.Re4 Qxd4
38.Rxd4 Ne5 39.Rg3 Kf7 40.f4 gxf4 41.Rxf4+ Ke6 42.Rg7 Rg8 43.Rh7 Rh8 44.Rxh8 Rxh8
45.b4 Rb8 46.Bb3+ Ke7 47.Kb2 Rb5 48.Kc3 d5 49.Kb2 Nc6 50.Ka3 Na7 51.Ka4 Ke6
52.Rg4 Rb7 53.Rg6+ Ke5 54.Rxh6 Nb5 55.Ra6 Kd4 56.Ra5 Nc3+ 57.Ka3 Rh7 58.Ra8 Rxh5
59.Rg8 Rh1 60.Rg4+ Ke5 61.Rg3 d4 62.Bg8 Rb1 63.Bh7  1/2-1/2

[Event "CZE-chT 9495"]
[Site "?"]
[Date "1995.??.??"]
[Round "5"]
[White "Vokac, Marek"]
[Black "Petran, Peter"]
[Result "1-0"]
[WhiteElo "2475"]
[BlackElo "2420"]

1.e4 g6 2.d4 Bg7 3.Nc3 d6 4.Be3 c6 5.Be2 b5 6.Qd2 Nd7 7.f3 Nb6 8.b3 a5 9.a4 b4
10.Nd1 c5 11.Nf2 Nd7 12.Bb5 Ba6 13.Bxa6 Rxa6 14.Ne2 Rc6 15.O-O Ngf6 16.Rad1 cxd4
17.Nxd4 Rc8 18.Nb5 O-O 19.Qe2 Ne8 20.f4 Nc7 21.Na7 Ra8 22.e5 d5 23.Rd3 Re8
24.Qg4 f5 25.Qd1 e6 26.c4 bxc3 27.Rxc3 Na6 28.Nc6 Qh4 29.Nxa5 Nxe5 30.Bd2 Nf7
31.Rh3 Qf6 32.b4 Nd6 33.Nc6 Nc4 34.Bc3 Qf8 35.Bxg7 Qxg7 36.Nd3 Qc7 37.b5 Qb6+
38.Kh1 Nc5 39.Nxc5 Qxc5 40.Qe1 Rxa4 41.Qh4 h5 42.Qf6  1-0

[Event "CZE-chT 9495"]
[Site "?"]
[Date "1995.??.??"]
[Round "6"]
[White "Voloshin, Leonid"]
[Black "Petran, Peter"]
[Result "0-1"]
[WhiteElo "2435"]
[BlackElo "2420"]

1.d4 g6 2.e4 Bg7 3.Nc3 d6 4.Be3 c6 5.Qd2 b5 6.O-O-O Nd7 7.Kb1 Nb6 8.Bd3 a5
9.f3 a4 10.a3 Nc4 11.Bxc4 bxc4 12.Nge2 Qa5 13.Na2 Qc7 14.Nb4 e6 15.e5 d5
16.f4 h5 17.g3 Ne7 18.h3 Bd7 19.g4 h4 20.Ng1 g5 21.fxg5 c5 22.dxc5 Qxe5 23.Bd4 Qxd4
24.Qxd4 Bxd4 25.Rxd4 Rc8 26.Nf3 Ng6 27.Re1 O-O 28.Ne5 Nxe5 29.Rxe5 Rxc5 30.c3 Kg7
31.Kc1 Rcc8 32.Rf4 f6 33.gxf6+ Rxf6 34.Rxf6 Kxf6 35.Rh5 Rf8 36.Rxh4 Be8 37.Rh6+ Bg6
38.h4 Kg7 39.g5 Rf2 40.h5 Bf7 41.Nc6 Rf5 42.Nd8 Rxg5 43.Nxf7 Kxf7 44.Rh7+ Kf6
45.Ra7 Rxh5 46.Rxa4 Kf5 47.Ra8 Ke4 48.Kb1 Kd3 49.Rd8 Rh1+ 50.Ka2 Kc2 51.Rg8 e5
52.Rg2+ Kd3 53.Rg5 Ke4 54.Rg8 d4 55.cxd4 exd4 56.a4 d3 57.Rd8 Ke3 58.Ka3 Rh4
59.a5 d2 60.Rxd2 Kxd2 61.a6 Kc2 62.a7 Rh8 63.Kb4 Kxb2  0-1

[Event "CZE-chT 9495"]
[Site "?"]
[Date "1995.??.??"]
[Round "7"]
[White "Pribyl, Martin"]
[Black "Petran, Peter"]
[Result "1-0"]
[WhiteElo "2335"]
[BlackElo "2420"]

1.e4 g6 2.d4 Bg7 3.Nc3 d6 4.f4 a6 5.a4 Nd7 6.Nf3 b6 7.Bc4 e6 8.O-O Ne7 9.f5 gxf5
10.Ng5 Nf6 11.exf5 d5 12.fxe6 Bxe6 13.Nxe6 fxe6 14.Bg5 Rf8 15.Be2 Qd6 16.Kh1 Kd7
17.Bf4 Qc6 18.a5 Qb7 19.axb6 cxb6 20.Qd3 b5 21.Qh3 Qc6 22.Rxa6 Rxa6 23.Bxb5 Qxb5
24.Nxb5 Ne4 25.Kg1 Rb6 26.Nc3 Bxd4+ 27.Be3 Rxf1+ 28.Kxf1 Bxe3 29.Qxe3 Rb4
30.Nxe4 Rxe4 31.Qh6 Nf5 32.Qxh7+ Kd6 33.Qh8 Ne3+ 34.Kf2 Nxc2 35.Qd8+ Ke5
36.Qc7+  1-0

[Event "CZE-chT 9495"]
[Site "?"]
[Date "1995.??.??"]
[Round "9"]
[White "Pribyl, Martin"]
[Black "Nedela, Vlastimil"]
[Result "1/2-1/2"]
[WhiteElo "2335"]
[BlackElo "2435"]

1.e4 g6 2.d4 Bg7 3.Nc3 d6 4.Be3 c6 5.Qd2 b5 6.f3 a5 7.g4 Qc7 8.h4 h5 9.g5 e6
10.Bh3 Ne7 11.f4 Na6 12.Nge2 b4 13.Na4 Bd7 14.Rd1 Rd8 15.b3 O-O 16.O-O c5
17.d5 exd5 18.Bxd7 Qxd7 19.f5 d4 20.Bf4 gxf5 21.Nb6 Qc6 22.Nd5 Ng6 23.exf5 Qxd5
24.fxg6 fxg6 25.Qd3 Nc7 26.Qxg6 Ne6 27.Qxh5 Rde8 28.Qg6 Nxf4 29.Nxf4 Qe4
30.Qxe4 Rxe4 31.Ng6 Rfe8 32.Rd2 Kh7 33.h5 Rg4+ 34.Rg2 Ree4 35.Rf2 Rxg2+ 36.Rxg2 d5
37.Kh2 c4 38.Kg3 d3 39.cxd3 Re3+ 40.Kf4 Rxd3 41.Ne7 Rd4+ 42.Kf5 Re4 43.Ng6 c3
44.h6 Bd4 45.Nf8+ Kg8 46.Nd7 Re1 47.g6 Rh1 48.Re2 Rh5+ 49.Kg4 Rxh6 50.Kg5 Rh1  1/2-1/2

[Event "CZE-chT1c 9495"]
[Site "?"]
[Date "1995.??.??"]
[Round "10"]
[White "Krcmar, Zdenek"]
[Black "Pastircak, Milan"]
[Result "0-1"]
[WhiteElo "2250"]
[BlackElo "2385"]

1.e4 g6 2.d4 Bg7 3.Nc3 d6 4.Be3 a6 5.Qd2 b5 6.f3 Nd7 7.h4 h5 8.O-O-O Bb7
9.Nh3 Rc8 10.Ng5 c5 11.f4 Nh6 12.dxc5 Nxc5 13.Kb1 O-O 14.e5 b4 15.Nd5 Ng4
16.Nxb4 dxe5 17.Bxc5 Qxd2 18.Rxd2 Rxc5 19.Nxa6 Ra5 20.Nb4 exf4 21.Bc4 Ne3
22.Bb3 Bf6 23.Nxf7 Rxf7 24.Re1 Bxh4 25.Ree2 Kg7 26.Bxf7 Kxf7 27.Nd3 g5 28.b3 Kf6
29.Kb2 e5 30.c4 g4  0-1

[Event "CZE-chT1c 9495"]
[Site "?"]
[Date "1995.??.??"]
[Round "10"]
[White "Vechet, Stanislav"]
[Black "Nedela, Vlastimil"]
[Result "1/2-1/2"]
[WhiteElo "2255"]
[BlackElo "2435"]

1.d4 g6 2.e4 Bg7 3.Nc3 d6 4.f4 c6 5.Nf3 Bg4 6.Be3 Qb6 7.Qd2 Bxf3 8.gxf3 Nd7
9.O-O-O Qa5 10.Kb1 b5 11.e5 Nh6 12.Bh3 Nb6 13.exd6 e6 14.f5 Nxf5 15.Bxf5 exf5
16.Bh6 O-O 17.Nd5 Qxd2 18.Ne7+ Kh8 19.Bxg7+ Kxg7 20.Rxd2 Rfd8 21.Nxc6 Rxd6
22.Na5 Re8 23.b3 Rd5 24.c4 bxc4 25.Nxc4 Kh6 26.Kc2 Kg5 27.Rg1+ Kf4 28.Ne5 Rc8+
29.Kd1 f6 30.Nd3+ Ke3 31.Ne1 Rxd4 32.Ng2+ Kxf3 33.Rxd4 Kf2 34.Re1 Kxg2 35.Re3 Kf2
36.Rdd3 Rc5 37.Re2+ Kf1 38.Re1+ Kf2 39.Re2+ Kf1 40.Rf3+ Kg1 41.Rg3+ Kf1 42.Rf3+ Kg1
43.Rg3+ Kf1  1/2-1/2

[Event "CZE-chT1 9596"]
[Site "CZE"]
[Date "1995.??.??"]
[Round "?"]
[White "Pletanek, Jan"]
[Black "Mista, Ladislav"]
[Result "1/2-1/2"]
[WhiteElo "2275"]
[BlackElo "2330"]

1.e4 g6 2.d4 Bg7 3.Nc3 d6 4.Be3 Nd7 5.Qd2 a6 6.Nf3 c6 7.Bc4 e6 8.O-O b5 9.Be2 Ngf6
10.e5 dxe5 11.dxe5 Nd5 12.Nxd5 cxd5 13.Bh6 O-O 14.a4 Rb8 15.axb5 axb5 16.Ra3 Qc7
17.Rc3 Qd8 18.Nd4 Nxe5 19.Rh3 Qf6 20.Bxg7 Qxg7 21.Bxb5 Nc4 22.Bxc4 dxc4 23.Qc3 e5
24.Nc6 Bxh3 25.Nxb8  1/2-1/2

[Event "Debrecen op"]
[Site "Debrecen"]
[Date "1995.??.??"]
[Round "5"]
[White "Szabo, Gergely"]
[Black "Mester, Gyula"]
[Result "0-1"]
[WhiteElo "2035"]
[BlackElo "2340"]

1.e4 g6 2.d4 Bg7 3.Nc3 d6 4.f4 Nf6 5.Nf3 c5 6.g3 O-O 7.Bg2 Bg4 8.h3 Bxf3
9.Bxf3 cxd4 10.Qxd4 Nc6 11.Qf2 Qd7 12.g4 e5 13.g5 Ne8 14.Bg4 Qd8 15.f5 f6
16.h4 Nd4 17.Be3 d5 18.Bxd4 exd4 19.Nxd5 fxg5 20.h5 gxf5 21.Bxf5 Nd6 22.Be6+ Kh8
23.Qg2 Re8 24.Qg4 Nxe4 25.Qxe4 Qd6 26.O-O-O Rxe6 27.Qxe6 Qxe6 28.Nc7 Qe3+  0-1

[Event "Dhaka"]
[Site "Dhaka"]
[Date "1995.??.??"]
[Round "7"]
[White "Reefat bin Satter"]
[Black "Koshy, Varugeese"]
[Result "1-0"]
[WhiteElo "2430"]
[BlackElo "2405"]

1.e4 d6 2.d4 g6 3.Nc3 Bg7 4.Be3 c6 5.Qd2 b5 6.f3 Nd7 7.Nh3 Nb6 8.Nf2 h5 9.a4 b4
10.Ncd1 a5 11.c3 bxc3 12.bxc3 Be6 13.Nb2 Nf6 14.Bd3 O-O 15.f4 d5 16.e5 Nh7
17.h3 h4 18.Nfd1 Bf5 19.Bxf5 gxf5 20.Bf2 e6 21.Qe2 Bh6 22.Nd3 Nc4 23.Qh5 Bg7
24.Bxh4 Qb6 25.g4 Qb3 26.gxf5 Qc2 27.Qe2 Qxe2+ 28.Kxe2 exf5 29.Rg1 Kh8 30.N1b2 Nxb2
31.Nxb2 Rab8 32.Nd1 f6 33.Ne3 fxe5 34.dxe5 Rb2+ 35.Kd3 Bh6 36.Raf1 Rc8 37.Rg6 Bf8
38.Rfg1 Bc5 39.Rh6  1-0

[Event "Dortmund op"]
[Site "Dortmund"]
[Date "1995.??.??"]
[Round "1"]
[White "Beckemeier, Werner"]
[Black "Boehmfeldt, Rolf"]
[Result "1-0"]
[WhiteElo "2380"]
[BlackElo "1855"]

1.e4 d6 2.d4 g6 3.Nc3 Bg7 4.g3 c5 5.dxc5 Bxc3+ 6.bxc3 dxc5 7.Qxd8+ Kxd8 8.Bc4 e6
9.Bf4 b6 10.O-O-O+ Ke8 11.Nf3 Ne7 12.Bb5+ Nbc6 13.Ne5 Bb7 14.Rd7  1-0

[Event "Dortmund op"]
[Site "Dortmund"]
[Date "1995.??.??"]
[Round "2"]
[White "Hoefker, Mathias"]
[Black "Pruess, Martin"]
[Result "1-0"]
[WhiteElo "2305"]
[BlackElo "1850"]

1.d4 d6 2.e4 g6 3.Nc3 Bg7 4.Nf3 c6 5.h3 Nf6 6.Be3 O-O 7.Qd2 Re8 8.a4 b6 9.Be2 Ba6
10.O-O Bxe2 11.Qxe2 Qc7 12.Rad1 Nbd7 13.Rfe1 e5 14.dxe5 dxe5 15.Qc4 Rac8
16.Rd2 Nf8 17.Red1 Ne6 18.Ng5 Nd8 19.Nf3 Ne6 20.Nh2 Red8 21.g3 Rxd2 22.Rxd2 h5
23.Nf3 Bf8 24.Ng5 Nxg5 25.Bxg5 Nd7 26.Qe2 a5 27.Be3 Bc5 28.Qd1 Nf8 29.Bxc5 bxc5
30.b3 Qe7 31.h4 Ne6 32.Nb1 c4 33.Qf3 Qb4 34.Rd7 Rf8 35.Kg2 cxb3 36.cxb3 Nd4
37.Qf6 Qc5 38.Nd2 Ne6 39.Nc4  1-0

[Event "Dresden (Women)"]
[Site "Dresden"]
[Date "1995.??.??"]
[Round "?"]
[White "Micic, Jordanka"]
[Black "Gurieli, Nino"]
[Result "1-0"]
[WhiteElo "2295"]
[BlackElo "2360"]

1.e4 g6 2.d4 Bg7 3.Nc3 d6 4.Be3 a6 5.a4 Nf6 6.Qd2 O-O 7.f3 Nc6 8.Nge2 e5
9.d5 Ne7 10.g4 c5 11.Ng3 Ne8 12.h4 f5 13.gxf5 gxf5 14.Bg5 f4 15.Nf5 Bxf5
16.exf5 h6 17.Bxe7 Qxe7 18.Bd3 Nf6 19.Ne4 b5 20.c4 bxc4 21.Bxc4 Kh8 22.Qg2 Qb7
23.O-O-O Qd7 24.b3 Ne8 25.Rdg1 Rxf5 26.Qg6 Qf7 27.Bd3 Qxg6 28.Rxg6 Rf8 29.Rhg1 Ra7
30.Nxd6 Nxd6 31.Rxd6 Rf6 32.Rxf6 Bxf6 33.Rg6 Bg7 34.Rxa6 Rxa6 35.Bxa6 Bf6
36.Bc4 Bxh4 37.a5 Bd8 38.a6 Bb6 39.d6 Kg7  1-0

[Event "Eger"]
[Site "Eger"]
[Date "1995.??.??"]
[Round "?"]
[White "Kerek, Krisztian"]
[Black "Baum, Bernd"]
[Result "1/2-1/2"]
[WhiteElo "2220"]
[BlackElo "2245"]

1.e4 g6 2.d4 Bg7 3.Nc3 d6 4.Bg5 c6 5.Qd2 b5 6.f4 Qb6 7.e5 d5 8.Bd3 Nh6 9.Nce2 Nf5
10.Nf3 f6 11.g4 Nh6 12.exf6 exf6 13.Bxh6 Bxh6 14.g5 Bg7 15.Qe3+ Kd8 16.gxf6 Bxf6
17.Ne5 Kc7 18.O-O-O Re8 19.Qg3 Kb7 20.h4 Na6 21.h5 Nb4 22.hxg6 Bxe5 23.fxe5 hxg6
24.Rh7+ Ka6 25.Qxg6 Be6 26.a3 Nxd3+ 27.Rxd3 Bg8 28.Rh6 Rac8 29.Rf3 Re6 30.Rf6 Rxf6
31.Qxf6 b4 32.Qf5 Rc7 33.Rh8 bxa3 34.bxa3 Qa5 35.Qd3+ Kb6 36.Rxg8 Rf7 37.Qb3+ Ka6
38.Qd3+ Kb6 39.Qb3+ Ka6 40.Kb2 Rb7 41.Rg3 Qd8 42.Rc3 Rxb3+ 43.cxb3 Kb6 44.Kc2 Qg5
45.b4 Qh6 46.Rf3 a5 47.bxa5+  1/2-1/2

[Event "Eger Cup"]
[Site "Eger"]
[Date "1995.??.??"]
[Round "?"]
[White "Paal, Attila"]
[Black "Tajti, Janos Sandor"]
[Result "0-1"]
[WhiteElo "2190"]
[BlackElo "2150"]

1.e4 g6 2.d4 Bg7 3.Nc3 d6 4.Be2 Nf6 5.h4 c5 6.dxc5 Qa5 7.Kf1 Qxc5 8.Be3 Qa5
9.h5 Nxh5 10.Bxh5 Bxc3 11.bxc3 gxh5 12.Qd4 Rg8 13.Qb4 Qa6+ 14.Ne2 Nc6 15.Qb1 Ne5
16.f3 Rxg2 17.Kxg2 Qxe2+ 18.Bf2 Qxf3+ 19.Kg1 Bh3 20.Qb5+ Kf8  0-1

[Event "NLD-ch sf"]
[Site "Enschede"]
[Date "1995.??.??"]
[Round "2"]
[White "Knoppert, Erik G J"]
[Black "Van Voorthuijsen, PW."]
[Result "1/2-1/2"]
[WhiteElo "2400"]
[BlackElo "2300"]

1.e4 d6 2.d4 g6 3.Nc3 Bg7 4.f4 Nc6 5.Be3 Nf6 6.Nf3 e6 7.h3 O-O 8.Bd3 b6 9.O-O Ne7
10.Qe1 Bb7 11.Rd1 c5 12.dxc5 bxc5 13.e5 Nfd5 14.Nxd5 Bxd5 15.exd6 Qxd6 16.b3 Bxf3
17.Rxf3 Nd5 18.Bd2 Nb4 19.a4 Nxd3 20.Rxd3 Qc6 21.Be3 c4 22.Rd6 Qe4 23.Qf2 cxb3
24.cxb3 a5 25.Bb6 Rfc8 26.R1d3 h5 27.Qe3 Qxe3+ 28.Bxe3 Bf8 29.Rd7 Bc5 30.Bxc5 Rxc5
31.Rb7 Rac8 32.b4 axb4 33.Rxb4 Rc1+ 34.Kh2  1/2-1/2

[Event "NLD-ch sf"]
[Site "Enschede"]
[Date "1995.??.??"]
[Round "4"]
[White "Van der Poel, Henk"]
[Black "Van Voorthuijsen, PW."]
[Result "1/2-1/2"]
[WhiteElo "2355"]
[BlackElo "2300"]

1.e4 d6 2.d4 g6 3.Nc3 Bg7 4.f4 Nc6 5.Bb5 Bd7 6.Nf3 a6 7.Bxc6 Bxc6 8.O-O Nf6
9.d5 Bd7 10.e5 Nh5 11.Ng5 h6 12.Nxf7 Kxf7 13.e6+ Kg8 14.exd7 Qxd7 15.f5 Rf8
16.fxg6 Rxf1+ 17.Qxf1 Bd4+ 18.Kh1 Nf6 19.Bd2 Qg4 20.Re1 Be5 21.Ne4 Qxg6 22.Nxf6+ exf6
23.Qc4 Rh7 24.b3 Rg7 25.Qe4 Qh5 26.h3 f5 27.Qe2 Qh4 28.Qf3 f4 29.Re4 Rf7
30.c4 Qg3 31.Be1 Qxf3  1/2-1/2

[Event "NLD-ch sf"]
[Site "Enschede"]
[Date "1995.??.??"]
[Round "5"]
[White "Kroeze, Frank M"]
[Black "Knoppert, Erik G J"]
[Result "1/2-1/2"]
[WhiteElo "2395"]
[BlackElo "2400"]

1.d4 d6 2.e4 g6 3.Nc3 Bg7 4.Bg5 c6 5.Qd2 Qa5 6.f4 b5 7.Nf3 Bg4 8.Be2 Nd7
9.h3 Bxf3 10.Bxf3 Rc8 11.e5 d5 12.O-O h5 13.g4 b4 14.Ne2 f6 15.Qd3 Nf8 16.gxh5 fxg5
17.Bg4 e6 18.Bxe6 Rc7 19.fxg5 gxh5 20.Rxf8+ Bxf8 21.Qg6+ Kd8 22.Bxg8 Rg7
23.Qf6+ Kc7 24.Bf7 b3 25.c3 Rh6 26.g6 Kb7 27.a4 Qc7 28.Nf4 Qe7 29.Ra3 Qxf6
30.Rxb3+ Kc8 31.exf6 Rxf7 32.gxf7 Rxf6 33.Nxh5 Rxf7 34.Kg2 Bd6 35.c4 dxc4
36.Rc3 Rb7 37.Rxc4 Rxb2+ 38.Kf3 Kb7 39.Nf6 Rb3+ 40.Kg4 Rg3+ 41.Kh4 Rf3 42.Nd7 Rf4+
43.Kg5 Re4 44.Kf5 Rh4 45.Ke6 Rh6+ 46.Nf6 Bc7 47.Ke7 Rxh3 48.d5 cxd5 49.Nxd5 Rh7+
50.Ke6 Rh6+ 51.Kf5 Rh5+ 52.Ke4 Bd6 53.Nc3 Kb6 54.Kd3 Ka5 55.Kc2 Rh8 56.Nb5 Bb8
57.Nd4 Rh2+ 58.Kb3 Rh3+ 59.Rc3 Rxc3+ 60.Kxc3 Kxa4 61.Nc6  1/2-1/2